| 000 | 01293nam0a2200325 4500 | ||
|---|---|---|---|
| 001 | RU\NLR\bibl\30704 | ||
| 005 | 20260406112433.0 | ||
| 010 |
_a5-86457-103-2 _930000 |
||
| 021 |
_aRU _b98-39172 _91876 |
||
| 035 | _a(NLR Aleph) 000029902 | ||
| 090 |
_a148597 _c148597 |
||
| 100 | _a19990601d1998 |||y0rusy50 ca | ||
| 101 | 0 | _arus | |
| 102 | _aRU | ||
| 105 | _a||||||||||||| | ||
| 200 | 1 |
_aАзбука _eДля первого кл. трехлет. и четырехлет. нач. шк. _fН.М. Бетенькова, В.Г. Горецкий, Д.С. Фонин |
|
| 210 |
_aСПб. _cСпец. Лит. _d1998 |
||
| 215 |
_a207 с. _cцв. ил., портр. _d25 |
||
| 300 | _aНа обл. авт. не указаны | ||
| 606 | 0 |
_aРусский язык _jБуквари _91533567 _3RU\NLR\auth\66969347 |
|
| 686 | _aШ141.12-921б | ||
| 700 | 1 |
_aБетенькова _bН. М. _gНадежда Михайловна _4070 |
|
| 701 | 1 |
_4070 _8rus _7ca _aГорецкий _bВ. Г. _f1924-2009 _gВсеслав Гаврилович _3RU\NLR\auth\7764 _9110173 |
|
| 701 | 1 |
_aФонин _bД. С. _gДмитрий Сергеевич _4070 |
|
| 801 | 0 |
_aRU _bNLR _c19990601 _gPSBO |
|
| 801 | 1 |
_aRU _bNLR _c19990601 |
|
| 852 |
_aNLR _j99-7/670 |
||
| 942 | _cBOOK | ||
| 980 | _aNB | ||